000 01482nam0a2200349 4500
001 RU\NLR\BIBL_A\022669018
005 20260408231213.0
010 _a978-5-904900-43-4
_9100
035 _a(NLR Aleph) 022669018
090 _a13498278
_c13498278
100 _a20251119d2025 u y0rusy50 ca
101 0 _arus
102 _aRU
105 _aach|z|||000zy
181 0 _ai3
_baxxe
182 0 _an
200 1 _aКахетинский век
_eо взаимоотношениях Грузии и России в XV-XVII веках
_fАрсен Титов
203 _aТекст
_bвизуальный
_cнепосредственный
210 _aЕкатеринбург
_cАсПУр
_d2025
215 _a102, [1] с.
_cил., портр., факс.
_d21
316 _aС автогр. авт.
_5NLR
320 _aБиблиогр.: с. 95 и в подстроч. примеч.
607 _aГрузия
_xВзаимоотношения
_yРоссия
_zкон. 15 - 17 вв.
_3RU\NLR\AUTH\6601763417
_92688711
607 _aРоссия
_xВзаимоотношения
_yГрузия
_zкон. 15 - 17 вв.
_3RU\NLR\AUTH\6601763531
_92689080
686 1 _aТ3(2)44-64(2Г)
686 1 _aТ3(2)461-64(2Г)
686 1 _aТ3(2Г)44-64(2)
700 1 _8rus
_7ca
_aТитов
_bА. Б.
_cписатель
_f1948-
_gАрсен Борисович
_3RU\NLR\AUTH\7759251
_942183
942 _cBOOK
980 _aNB